000 00559nam a2200229Ia 4500
003 OSt
005 20221007082546.0
006 a|||||r|||| 00| 0
007 ta
008 221006b |||||||| |||| 00| 0 eng d
024 _a20,891
037 _cTextual
040 _aFLL
_cFLL
_beng
041 _2eng
_aeng
082 _aF56:Z2qN40, N4
100 _aVijay Malik
_9699159
245 0 _aDrugs & cosmetics act 1940
250 _a7th
260 _c1994
942 _hF56:Z2qN40, N4
_cTEXL
_2CC
999 _c1166857
_d1166857